000
00307nam a2200133Ia 4500
005
20260328104308.0
008
260328s9999||||xx |||||||||||||| ||und||
100
_a
Daab
245
0
_a
Australia :
_b
Architecture & Design /
_c
Daab
260
_b
Daab
300
_a
232 p.
650
_a
AUSTRALIA
942
_c
BK
999
_c
10833
_d
10833